| 000 | 00524cam a22001337a 4500 | ||
|---|---|---|---|
| 008 | 180718b1981 xxu||||| |||| 00| 0 eng d | ||
| 082 | _aR11x54 In7n/1 | ||
| 245 |
_aNational Manpower accounts of India _cby Institute of Appplied Manpower Research, India |
||
| 260 |
_aNew Delhi _bInstitute of Appplied Manpower Research _c1981 |
||
| 300 | _a384p. | ||
| 500 | _aContents: pt. 1. General characteristics of Indian population | ||
| 650 | _aManpower --India --Statistics | ||
| 700 | _aIndia. Institute of Appplied Manpower Research | ||
| 999 |
_c501054 _d501054 |
||